000 00832cab a2200265 4500
001 WB3506-26
008 090401t1999 xxu||||| |||| 00| 0 eng d
035 _a(Sirsi) u91262
041 _aeng
245 _aWaste disposal capacity
260 _c1999
350 _a0
490 _aENDS Report
_v(288) January 1999, 43(1)
520 _aA draft of the planning policy guidance note on waste management (PPG10) says that local authorities should not restrict landfill or incineration capacity in pursuit of ambitious recycling targets.
650 _aDRAFT PPG10
650 _aINCINERATION
650 _aLANDFILL
650 _aLOCAL AUTHORITIES
650 _aPLANNING POLICY
650 _aRECYCLING
650 _aWASTE MANAGEMENT
690 _aENVIRONMENTAL AND LAND CONSULTANCY
942 _n0
948 _c11/02/1999
999 _c57915
_d57915